| 000 | 01010nam a22002657a 4500 | ||
|---|---|---|---|
| 999 |
_c28376 _d28347 |
||
| 003 | EG-ScBUE | ||
| 005 | 20200319110204.0 | ||
| 008 | 200219s1900 stk f 000 0 eng d | ||
| 020 | _a9781333150211 | ||
| 040 |
_aEG-ScBUE _beng _erda _cEG-ScBUE _dEG-ScBUE |
||
| 082 | 0 | 4 |
_a820.7 _bRAL _222 |
| 100 | 1 |
_aRaleigh, Walter, _eauthor. |
|
| 245 | 1 | 4 |
_aThe study of English literature : _bbeing the inaugural lecture delivered at the University of Glasgow on Thursday, October 18th, 1900 / _cby Walter Raleigh, professor of English literature in the University of Glasgow. |
| 250 | _aFirst edition. | ||
| 264 | 1 |
_aGlasgow : _bJames MacLehose and Sons, _c1900. |
|
| 300 |
_a27 pages ; _c24 cm. |
||
| 336 |
_2rdacontent _atext _btxt |
||
| 337 |
_2rdamedia _aunmediated _bn |
||
| 338 |
_2rdacarrier _avolume _bnc |
||
| 490 | 0 |
_aForgotten books. _aClassic reprint series |
|
| 650 | 7 |
_aEnglish literature _xStudy and teaching. _2BUEsh |
|
| 653 |
_bHHUUEENN _cMarch2020 |
||
| 655 |
_vReading book _934232 |
||
| 942 |
_2ddc _cBB |
||